Statistics for Radiohead Music Videos

Click here to take the quiz!

General Stats

  • This quiz has been taken 18 times
  • The average score is 8 of 12

Answer Stats

Answer% Correct
Karma Police
93%
Paranoid Android
93%
Burn the Witch
80%
Jigsaw Falling Into Place
80%
Nude
80%
There, There
73%
Lotus Flower
67%
No Surprises
60%
Knives Out
40%
Street Spirit (Fade Out)
40%
Weird Fishes (Arpeggi)
33%
Tinker Tailor Soldier Sailor Rich Man Poor Man Beggar Man Thief
13%

Score Distribution

Percentile by Number Answered

Percent of People with Each Score

Your Score History

You have not taken this quiz